000 01267nam0a22002771 4500
001 rc\3006609
005 20250806200844.0
035 _a(NLR Aleph) 007149399
090 _a3417
_c3417
100 _a20090818d1945 u y0rusy50 ca
101 0 _arus
102 _aRU
105 _aa z ||||y
200 1 _aИнструкция по определению фактической емкости щелочных аккумуляторов и подбору равноемкостных батарей
_fинж.-полк. Н.И. Серпухов
_gУпр. воен. воздуш. сил Красной Армии
210 _aМосква
_cВоен. изд-во
_d1945
_eЛенинград
_gТип. им. Ворошилова
215 _a31 с., 1 л. схем.
_cсхем.
_d17 см
300 _aСост. указан на 2-й стр. обл.: инж.-полк. Серпухов Н.И.
700 1 _aСерпухов
_bН.И.
712 0 1 _aСССР
_bУправление военно-воздушных сил Красной Армии
_4570
801 0 _aRU
_bNLR
_gpsbo
801 1 _aRU
_bELAR
_2rusmarc
852 _aNLR
_jТ20 Г-2/135
942 _cBOOK
945 _aРоссийская национальная библиотека
980 _aNB
980 _aBV